Applied multidimensional systems theory (Record no. 3875)

000 -LEADER
fixed length control field 00598nam a2200217 a 4500
001 - CONTROL NUMBER
control field 3875
003 - CONTROL NUMBER IDENTIFIER
control field BD-DhUET
008 - FIXED-LENGTH DATA ELEMENTS--GENERAL INFORMATION
fixed length control field 810514s1982 nyua b 001 0 eng
020 ## - INTERNATIONAL STANDARD BOOK NUMBER
International Standard Book Number 0442272146
040 ## - CATALOGING SOURCE
Original cataloging agency DLC
Transcribing agency DLC
Modifying agency BD-DhUET
082 00 - DEWEY DECIMAL CLASSIFICATION NUMBER
Classification number 620.7
Item number BOS/1982
100 1# - MAIN ENTRY--PERSONAL NAME
Personal name Bose, N. K.
245 10 - TITLE STATEMENT
Title Applied multidimensional systems theory
Statement of responsibility, etc. by N. K. Bose
250 ## - EDITION STATEMENT
Edition statement 1st ed.
260 ## - PUBLICATION, DISTRIBUTION, ETC. (IMPRINT)
Place of publication, distribution, etc. New York
Name of publisher, distributor, etc. Van Nostrand Reinhold
Date of publication, distribution, etc. 1982
300 ## - PHYSICAL DESCRIPTION
Extent xvi, 411 p.
Other physical details ill.
Dimensions 24 cm.
490 ## - SERIES STATEMENT
Series statement Van Nostrand Reinhold Series
504 ## - BIBLIOGRAPHY, ETC. NOTE
Bibliography, etc Includes bibliographies
650 #0 - SUBJECT ADDED ENTRY--TOPICAL TERM
Topical term or geographic name as entry element System analysis
942 ## - ADDED ENTRY ELEMENTS (KOHA)
Koha item type General Book
Holdings
Shelving location Koha full call number Not for loan Damaged status Date acquired Koha normalized classification for sorting Price effective from Koha item type Source of classification or shelving scheme Withdrawn status Copy number Koha date last seen Location (home branch) Sublocation or collection (holding branch) Piece designation (barcode) Lost status
Circulation section620.7/BOS/1982  2014-11-06620_000000000000000_7BOS19822014-11-06General Book  12014-11-06Central Library, BUETCentral Library, BUET76284 
Circulation section620.7/BOS/1982  2014-11-06620_000000000000000_7BOS19822014-11-06General Book  22014-11-06Central Library, BUETCentral Library, BUET76285 
Circulation section620.7/BOS/1982  2014-11-06620_000000000000000_7BOS19822014-11-06General Book  32014-11-06Central Library, BUETCentral Library, BUET76592